| 000 | 00750cam a2200253 a 4500 | ||
|---|---|---|---|
| 001 | 000007882 | ||
| 005 | 20240306164224.0 | ||
| 008 | 090911s1981 sp 000 j eng d | ||
| 020 | _a8432203556 | ||
| 040 |
_aDO-SdBNP _bspa _cLC _dBNPHU |
||
| 082 |
_aPe863.44 _bV297j, 1981 |
||
| 100 | 1 |
_aVargas Llosa, Mario, _d1936- _912567 |
|
| 240 | 1 | 0 | _aJefes |
| 245 | 1 | 4 |
_aLos jefes : _blos cachorros / _cMario Vargas Llosa. |
| 250 | _a4a ed. | ||
| 260 |
_aBarcelona : _bSeix Barral, _c1981. |
||
| 300 |
_axi, 151 p. ; _c20 cm. |
||
| 490 | 1 | _aBiblioteca Breve | |
| 500 | _aEdición definitiva. | ||
| 650 | 4 |
_aNovela peruana _912569 |
|
| 650 | 4 |
_aLiteratura peruana _ySIGLO XX _914789 |
|
| 830 | 0 |
_aBiblioteca Breve _913442 |
|
| 910 | _aCatalogación derivada | ||
| 999 |
_c7660 _d7660 |
||